000
00245nam a22000857a 4500
008
170112b xxu||||| |||| 00| 0 eng d
100
_9
2353
_a
Kumar. S
245
_a
The land of thus & so: Literature Reader -3
260
_a
New Delhi
_b
Frank Brothers
_c
2007
999
_c
5309
_d
5309